|
|
|
|
| LEADER |
00000nab a2200000uu 4500 |
| 001 |
vtls011457321 |
| 003 |
SK-MaSNL |
| 005 |
20260303151633.0 |
| 008 |
230222|1972 xo |||||||||||||||||eng| |
| 015 |
|
|
|a SNBRB
|
| 035 |
|
|
|a (urnnbn)urn:nbn:sk:snk:ar-a09ud3
|
| 035 |
|
|
|a (uuid)68f3b40b-7e24-457e-97ad-ba6e7b889dba
|
| 035 |
|
|
|a urn:nbn:sk:snk-abcrxs
|
| 040 |
|
|
|a SNKBUCL
|b slo
|c SNKBUCL
|e AACR2
|
| 041 |
0 |
|
|a eng
|
| 044 |
|
|
|a xo
|c SK
|
| 100 |
1 |
|
|a Markus, Ľ.
|4 aut
|9 951850
|
| 245 |
1 |
4 |
|a The Kinematic Analysis of Planar Mechanisms by the Computer
|c Ľ. Markus
|
| 773 |
0 |
|
|t Strojnícky časopis
|g Roč. 23, č. 1 (1972), s. 85-97
|
| 958 |
|
|
|a OND
|
| 958 |
|
|
|a EUIPO
|
| 958 |
|
|
|a article16
|
| 999 |
|
|
|c 2018698
|d 2020628
|